|
|
|
|
| LEADER |
01826nam a2200373 u 4500 |
| 001 |
10076654 |
| 003 |
upatras |
| 005 |
20250328063524.0 |
| 008 |
091007s1984 uk eng |
| 020 |
|
|
|a 0140444319
|
| 040 |
|
|
|a GR-PaULI
|c GR-PaULI
|
| 041 |
0 |
|
|a eng
|
| 082 |
0 |
4 |
|a 185
|
| 100 |
1 |
|
|a Αριστοτέλης,
|d 384 π.Χ.-322 π.Χ.
|9 10130
|
| 245 |
1 |
0 |
|a The athenian constitution
|c Aristotle; translated with introduction and notes by P. J. Rhodes
|
| 260 |
|
|
|a London
|b Penguin Books
|c 1984
|
| 300 |
|
|
|a 198 p.
|c 20 cm.
|
| 490 |
0 |
|
|a Penguin classics
|
| 504 |
|
|
|a Includes index
|
| 650 |
|
4 |
|a Πολιτική
|z Ελλάδα, Αρχαία
|9 39016
|
| 650 |
|
4 |
|a Αριστοτελική φιλοσοφία
|9 2639
|
| 650 |
|
4 |
|a Ηθική
|x Φιλοσοφία
|9 762
|
| 600 |
1 |
0 |
|a Αριστοτέλης,
|d 384 π.Χ.-322 π.Χ.
|9 10130
|
| 760 |
1 |
|
|a Penguin classics
|
| 700 |
1 |
|
|a Rhodes, P. J.
|q (Peter John)
|4 trl
|4 aui
|9 76914
|
| 852 |
|
|
|a GR-PaULI
|b ΠΑΤΡΑ
|b ΦΙΛΟΣΟΦΙΑ
|k ΑΣΧΞ-4
|h 185 ΑΡΙ
|m 6275
|p 025000171085
|t 1
|
| 852 |
|
|
|a GR-PaULI
|b ΠΑΤΡΑ
|b ΦΙΛΟΣΟΦΙΑ
|k ΑΣΧΞ-4
|h 185 ΑΡΙ
|m 6276
|p 025000171086
|t 2
|
| 852 |
|
|
|a GR-PaULI
|b ΠΑΤΡΑ
|b ΦΙΛΟΣΟΦΙΑ
|k ΑΣΧΞ-4
|h 185 ΑΡΙ
|m 6277
|p 025000171263
|t 3
|
| 942 |
|
|
|2 ddc
|c BK15
|
| 952 |
|
|
|0 0
|1 0
|4 0
|6 185_000000000000000_ΑΡΙ
|7 0
|9 78945
|a PHIL
|b PHIL
|d 2016-04-24
|i 6275
|l 0
|o 185 ΑΡΙ
|p 025000171085
|r 2016-04-24 00:00:00
|t 1
|w 2016-04-24
|y BK15
|
| 952 |
|
|
|0 0
|1 0
|4 0
|6 185_000000000000000_ΑΡΙ
|7 0
|9 78946
|a PHIL
|b PHIL
|d 2016-04-24
|i 6276
|l 0
|o 185 ΑΡΙ
|p 025000171086
|r 2016-04-24 00:00:00
|t 2
|w 2016-04-24
|y BK15
|
| 952 |
|
|
|0 0
|1 0
|4 0
|6 185_000000000000000_ΑΡΙ
|7 0
|9 78947
|a PHIL
|b PHIL
|d 2016-04-24
|i 6277
|l 0
|o 185 ΑΡΙ
|p 025000171263
|r 2016-04-24 00:00:00
|t 3
|w 2016-04-24
|y BK15
|
| 998 |
|
|
|c ΚΑΝΕΛΛΟΠΟΥΛΟΥ
|d 2009-10
|
| 999 |
|
|
|c 52511
|d 52511
|